Normal view
MARC view
- Leadership.
Entry Topical Term
001 - CONTROL NUMBER
- control field: 46560
003 - CONTROL NUMBER IDENTIFIER
- control field: OSt
005 - DATE AND TIME OF LATEST TRANSACTION
- control field: 20221027143601.0
008 - FIXED-LENGTH DATA ELEMENTS
- fixed length control field: 221027|| aca||aabn | a|a d
040 ## - CATALOGING SOURCE
- Original cataloging agency: OSt
- Transcribing agency: OSt
150 ## - HEADING--TOPICAL TERM
- Topical term or geographic name entry element: Leadership.
670 ## - SOURCE DATA FOUND
- Source citation: Work cat.: (OSt): Literal, Benigno B. 46559, Character formation 2 leadership, decision making, management and administration /, ©2022.
